| 000 | 00913nam a2200229Ia 4500 | ||
|---|---|---|---|
| 001 | 9544 | ||
| 003 | GE_BSU | ||
| 008 | 181216s||||||||xx |||||||||||||| ||und|| | ||
| 040 | _cGE_BSU | ||
| 080 | _a821.353.1-32+821.353.1-94 | ||
| 100 | _aმეგრელიძე,ლიდია | ||
| 245 | _aსიცოცხლისათვის | ||
| 245 | _bმოთხრობები.ქრონიკები.დღიურები | ||
| 245 | _cრედ.გრ.ჩიქოვანი.მხატვ.შ.კუპრაშვილი | ||
| 260 | _aთბილისი | ||
| 260 | _bლიტერატურა და ხელოვნება | ||
| 260 | _c1964 | ||
| 300 | _a373გვ.1ფ.პორტრ.21სმ. | ||
| 653 | _aმოთხრობები.ქრონიკები.დღიურები | ||
| 653 | _aსიცოცხლისათვის | ||
| 942 | _cBK | ||
| 999 |
_c42838 _d42838 |
||